000 01495nam0a2200301 4500
001 RU\NLR\bibl\2085890
005 20250806204011.0
020 _aRU
_9ЛЕНИНГРАД В ВЕЛИКОЙ ОТЕЧЕСТВЕННОЙ ВОЙНЕ : Печать Ленинграда, 1941 - 1945 : листовки, плакаты, открытки, альбомы: карточный каталог изданий, хранящихся в фондах Гос. Публ. б-ки. - Ленинград, 1972
035 _a(NLR Aleph) 010197560
090 _a10645
_c10645
100 _a20131122d1944 u y0rusy50 ca
101 0 _arus
102 _aRU
105 _ay z |||||
200 1 _aКалендарь массово-художественной работы Дома пионеров и школьников Октябрьского района на май м-ц 1944 г.
210 _a[Ленинград]
_cЛТ УН-10
_d1944
215 _a1 л.
_d25х37
606 1 _aБлокада Ленинграда
_z1941 - 1944
_jЛистовки
_2nlr_sh1
_2nlr_sh2
_3RU\NLR\AUTH\661253360
686 _aТ3(2)722.721,011
711 0 2 _aОктябрьский районный дом пионеров и школьников
_cЛенинград
801 0 _aRU
_bNLR
_c19720101
_gPSBO
801 1 _aRU
_bNLR
_c20131122
_gRCR
852 _aNLR
_bЛ3-330л
_j24/3-85
942 _cBOOK
945 _aРоссийская национальная библиотека
980 _aNB
980 _aBV